00365cam a22000977a 4500008004000000082001700040245009700057260005000154300001200204700005100216180718b1970 xxu||||| |||| 00| 0 eng d aR508x42 Un3t aReview of the central training council: reportcby Department of Employment and Productivity aLondonbHer Majesty's Stationery Officec1970 aiv, 18p aU.K. Department of Employment and Productivity